00887nam a2200217 a 450000100100000000500170001000800410002704000250006808200150009310000420010824500530015025000110020326000490021430000250026349000310028859000610031950000620038083000380044295201720048099900170065200004578920201002052438.0110301s1974 dr a 000 0 spa d aDO-SdBNPbspacBNPHU axxxbP592r1 aPichardo, Bernardo,d1877-192492616210aResumen de historia patria /cBernardo Pichardo. a6a ed. aSanto Domingo :bEditores del Caribe,c1974. a437 p. ; : ;c21 cm.1 aPensamiento dominicanov31 aPerteneció a la biblioteca personal de Erick Landestoy aIncluye noticias biográficas del autor en la página 7 0aPensamiento dominicanon31957686 0010718PDaPDbPDcHDd2015-05-14iLF1l0oxxx P592rp45789-10r2020-06-25w2020-06-25yLFPDzPerteneció a la biblioteca personal de Erick Landestoy.ZNo se presta c45278d45278